El Presupuesto en Centroamérica /
Shranjeno v:
| Glavni avtor: | |
|---|---|
| Format: | Texto |
| Oznake: |
Označite
Brez oznak, prvi označite!
|
MARC
| LEADER | 00000 a a2200000 04500 | ||
|---|---|---|---|
| 001 | 14077 | ||
| 003 | |||
| 040 | |||
| 100 | |a Mejía Canelo, Fremi | ||
| 245 | |a El Presupuesto en Centroamérica / |c Fremi Mejía Canelo | ||
| 773 | |g número 28 -29; páginas 187-221 | ||
| 999 | |c 36155 |d 36155 | ||
